000 00428nam a2200157Ia 4500
008 130318s9999 xx 000 0 und d
020 _a9788126521661
082 _a621.382 2 DEF/D
100 _aDefatta, David J
245 _aDigital signal processing: A system Design approach
260 _bWiley
_aNew Delhi
_c1998
300 _a661
650 _aDIGITAL SIGNALS
700 _aHodgkiss, Villiam S
700 _aLucas, Joseph G
999 _c1735
_d1735